Information security : A practical approach

As governments, IT companies and citizens become more dependent on information systems, the need to understand and devise information security systems has become very important. This title takes a practical approach to information security with emphasis on developing skills required for facing moder...

Popoln opis

Shranjeno v:
Bibliografske podrobnosti
Glavni avtor: Bhaskar, S. M.
Format: Knjiga
Jezik:Undetermined
Izdano: Oxford, U.K. Alpha Science International 2008
Teme:
Oznake: Označite
Brez oznak, prvi označite!
Thư viện lưu trữ: Trung tâm Học liệu Trường Đại học Cần Thơ
LEADER 01331nam a2200229Ia 4500
001 CTU_155283
008 210402s9999 xx 000 0 und d
020 |c 946000 
082 |a 005.8 
082 |b B575 
100 |a Bhaskar, S. M. 
245 0 |a Information security : 
245 2 |b A practical approach 
245 0 |c S. M. Bhaskar, S. I. Ahson 
260 |a Oxford, U.K. 
260 |b Alpha Science International 
260 |c 2008 
520 |a As governments, IT companies and citizens become more dependent on information systems, the need to understand and devise information security systems has become very important. This title takes a practical approach to information security with emphasis on developing skills required for facing modern security related challenges. The book s organization is based on a common body of knowledge for security domain. Although this book is focused on practical issues, the fundamental principles have not been ignored. The book will be useful for IT professionals, students of M.Sc. (Computer Science), M.Sc. (IT), and faculty of Computer Science and Engineering Departments of various institutes and universities. 
650 |a Computer security,Computer networks 
650 |x Security measures 
904 |i Giang 
980 |a Trung tâm Học liệu Trường Đại học Cần Thơ